Globalization and free trade(E-BOOK) (Record no. 193159)
[ view plain ]
| 000 -LEADER | |
|---|---|
| fixed length control field | 01272 a2200301 4500 |
| 003 - CONTROL NUMBER IDENTIFIER | |
| control field | Nust |
| 005 - DATE AND TIME OF LATEST TRANSACTION | |
| control field | 20170207154052.0 |
| 010 ## - LIBRARY OF CONGRESS CONTROL NUMBER | |
| LC control number | 2006028874 |
| 020 ## - INTERNATIONAL STANDARD BOOK NUMBER | |
| International Standard Book Number | 0816068089 |
| 020 ## - INTERNATIONAL STANDARD BOOK NUMBER | |
| International Standard Book Number | 9780816068081 |
| 035 ## - SYSTEM CONTROL NUMBER | |
| System control number | (OCoLC)71329803 |
| 035 ## - SYSTEM CONTROL NUMBER | |
| System control number | (OCoLC)ocm71329803 |
| 040 ## - CATALOGING SOURCE | |
| Transcribing agency | Nust |
| 082 00 - DEWEY DECIMAL CLASSIFICATION NUMBER | |
| Classification number | 382/.71 |
| 100 1# - MAIN ENTRY--PERSONAL NAME | |
| Personal name | Goldstein, Natalie. |
| 245 10 - TITLE STATEMENT | |
| Title | Globalization and free trade(E-BOOK) |
| Statement of responsibility, etc. | Natalie Goldstein ; foreword by Frank W. Musgrave. |
| 260 ## - PUBLICATION, DISTRIBUTION, ETC. | |
| Place of publication, distribution, etc. | New York : |
| Name of publisher, distributor, etc. | Facts On File, |
| Date of publication, distribution, etc. | c2007. |
| 300 ## - PHYSICAL DESCRIPTION | |
| Extent | x, 406 p. : |
| Other physical details | ill. ; |
| Dimensions | 24 cm. |
| 490 1# - SERIES STATEMENT | |
| Series statement | Global issues |
| 505 0# - FORMATTED CONTENTS NOTE | |
| Formatted contents note | At issue -- Introduction -- Focus on the United States -- Global perspectives -- Primary sources -- United States documents -- International documents -- Research tools -- How to research globalization and free trade -- Facts and figures -- Key players A to Z -- Organizations and agencies -- Annotated bibliography. |
| Miscellaneous information | Design (Page-1), Application (Page-201) |
| 538 ## - SYSTEM DETAILS NOTE | |
| System details note | Almirah No.41 Shelf No.3 |
| 650 #0 - SUBJECT ADDED ENTRY--TOPICAL TERM | |
| Topical term or geographic name entry element | Free trade |
| 650 #0 - SUBJECT ADDED ENTRY--TOPICAL TERM | |
| Topical term or geographic name entry element | Globalization |
| General subdivision | Economic aspects |
| 650 #0 - SUBJECT ADDED ENTRY--TOPICAL TERM | |
| Topical term or geographic name entry element | International economic integration |
| 651 ## - SUBJECT ADDED ENTRY--GEOGRAPHIC NAME | |
| Geographic name | E-BOOK |
| 830 #0 - SERIES ADDED ENTRY--UNIFORM TITLE | |
| Uniform title | Global issues (Facts on File, Inc.) |
| 856 41 - ELECTRONIC LOCATION AND ACCESS | |
| Materials specified | Table of contents only |
| Uniform Resource Identifier | <a href="http://www.loc.gov/catdir/toc/ecip0620/2006028874.html">http://www.loc.gov/catdir/toc/ecip0620/2006028874.html</a> |
| 942 ## - ADDED ENTRY ELEMENTS (KOHA) | |
| Source of classification or shelving scheme | |
| Koha item type | Book |
| Withdrawn status | Lost status | Source of classification or shelving scheme | Damaged status | Not for loan | Collection code | Permanent Location | Current Location | Date acquired | Total Checkouts | Full call number | Barcode | Date last seen | Price effective from | Koha item type |
|---|---|---|---|---|---|---|---|---|---|---|---|---|---|---|
| Military College of Signals (MCS) | Military College of Signals (MCS) | 12/12/2016 | 382.71 GOL | MCSEB-2928 | 12/08/2016 | 12/12/2016 | Book |
